Winning manager: Timeless principles for corporate success (Record no. 21064)

MARC details
000 -LEADER
fixed length control field 00523nam a2200181Ia 4500
008 - FIXED-LENGTH DATA ELEMENTS--GENERAL INFORMATION
fixed length control field 230917s9999||||xx |||||||||||||| ||und||
020 ## - ISBN
Price RS395
040 ## - CATALOGING SOURCE
-- 237421
Original cataloging agency VIVEKANANDA LIBRARY
041 ## - Language
-- English
082 ## - DDC NUMBER
Classification number 658.409 V673W(2)
100 ## - MAIN ENTRY--PERSONAL NAME
Personal name Vieira, Walter
245 #0 - TITLE STATEMENT
Title Winning manager: Timeless principles for corporate success
250 ## - EDITION STATEMENT
Edition statement 2nd ed.
260 ## - PUBLICATION, DISTRIBUTION, ETC. (IMPRINT)
Place of publication, distribution, etc New Delhi
Name of publisher, distributor, etc Sage Publications
Date of publication, distribution, etc 2014
300 ## - PHYSICAL DESCRIPTION
Pages xvii, 219 p.
500 ## - GENERAL NOTE
General note 2576 19/01/2017 HBD17/6797 25/01/2017 IMSAR (Dev. & Research)
942 ## - ADDED ENTRY ELEMENTS (KOHA)
Koha item type Books
Holdings
Withdrawn status Lost status Damaged status Not for loan Location (home branch) Sublocation or collection (holding branch) Shelving location Date acquired Koha issues (times borrowed) Koha full call number Accession No. Koha date last seen Koha item type
        VIVEKANANDA LIBRARY VIVEKANANDA LIBRARY IMSAR Library 08/03/2017   658.409 V673W(2) 354891 17/09/2023 Books
        VIVEKANANDA LIBRARY VIVEKANANDA LIBRARY IMSAR Library 08/03/2017   658.409 V673W(2) 354892 17/09/2023 Books
© Designed and Maintained by Vivekananda Library, MDU Rohtak